Skoki powyżej 150 m na skoczniach dużych - Statystyki

Ogólne statystyki
  • Ten quiz został rozwiązany 353 razy
    312 od ostatniego zresetowania
  • Średni wynik to 6 z 29
Statystyki odpowiedzi
kraj odległość miasto (rok oddania skoku) skoczek % Poprawnych
Polska 153 m Willingen (2021) Klemens Murańka
99%
Polska 151,5 m Willingen (2001) Adam Małysz
61%
Polska 152 m Willingen (2021) Andrzej Stękała
57%
Finlandia 152 m Willingen (2005) Janne Ahonen
42%
Słowenia 152 m Willingen (2014) Jurij Tepes
30%
Austria 150,5 m Lillehammer (2009) Gregor Schlierenzauer
28%
Słowenia 150 m Willingen (2014) Robert Kranjec
27%
Austria 151 m Willingen (2008) Gregor Schlierenzauer
25%
Finlandia 150 m Ruka/Kuusamo (2004) Janne Ahonen
25%
Słowenia 150 m Willingen (2012) Robert Kranjec
23%
Norwegia 151,5 m Willingen (2015) Anders Fannemel
21%
Norwegia 150 m Willingen (2009) Anders Jacobsen
21%
Niemcy 150 m Willingen (2002) Sven Hannawald
20%
Norwegia 151 m Willingen (2012) Anders Bardal
19%
Słowenia 151 m Willingen (2014) Jernej Damjan
19%
Finlandia 150,5 m Ruka/Kuusamo (2010) Ville Larinto
18%
Norwegia 152 m Ruka/Kuusamo (2004) Sigurd Pettersen
13%
Austria 151 m Harrachov (2004) Martin Koch
11%
Austria 150 m Ruka/Kuusamo (2020) Jan Hörl
10%
Słowenia 150 m Willingen (2020) Ziga Jelar
7%
Norwegia 150 m Zakopane (2021) Benjamin Oestvold
5%
Austria 151,5 m Kraliky (2001) Manuel Fettner
5%
Finlandia 150 m Willingen (2002) Veli-Matti Lindstroem
4%
Słowacja 153 m Kraliky (2000) Marian Bielcik
3%
Słowacja 151 m Kraliky (1996) Marian Bielcik
3%
Niemcy 150 m Titisee-Neustadt (2011) Maximilian Mechler
3%
Norwegia 150 m Willingen (2004) Tommy Ingebrigtsen
3%
Włochy 150 m Klingenthal (rok nieznany) Elena Runggaldier
0%
Rosja 154 m Krasnojarsk (1985) Vadim Zakharov
0%
Nie znaleziono quizów pasujących do podanych kryteriów
Rozkład punktacji
Procent ludzi z każdym wynikiem
Percentyl według liczby udzielonych odpowiedzi
Twoja historia wyników
Nie rozwiązałeś tego quizu od ostatniego zresetowania